[Event "SRI-ch (Women)"]
[Site "Colombo"]
[Date "2024.03.31"]
[Round "12"]
[White "Pallie, Ehsha Mishela"]
[Black "Bimansa, DG Jayandi"]
[Result "1/2-1/2"]
[WhiteElo "1844"]
[BlackElo "1572"]
[PlyCount "50"]
[EventDate "2024.03.22"]
[EventType "tourn"]
[EventRounds "13"]
[EventCountry "SRI"]
[SourceTitle "CB15_2024"]
[SourceDate "2024.04.10"]
[SourceVersion "1"]
[SourceVersionDate "2024.04.10"]
[SourceQuality "1"]

1. e4 e6 2. d4 d5 3. Nc3 Bb4 4. e5 Ne7 5. a3 Bxc3+ 6. bxc3 c5 7. Qg4 Ng6 8. Nf3 c4 9. h4 h5 10. Qh3 Nc6 11. g4 Qa5 12. Bd2 Bd7 13. gxh5 Nf4 14. Qg4 Nxh5 15. Ng5 g6 16. Qf3 Rf8 17. Bh3 0-0-0 18. Nxf7 Kb8 19. Qg4 Rxf7 20. Qxg6 Rdf8 21. Qxh5 Rxf2 22. Rf1 Nxd4 23. Rxf2 Nxc2+ 24. Kd1 Rxf2 25. Kxc2 d4 1/2-1/2

[Event "SRI-ch (Women)"]
[Site "Colombo"]
[Date "2024.03.23"]
[Round "2"]
[White "Fernando, GW Nethmi L"]
[Black "Pallie, Ehsha Mishela"]
[Result "0-1"]
[WhiteElo "1758"]
[BlackElo "1844"]
[PlyCount "27"]
[EventDate "2024.03.22"]
[EventType "tourn"]
[EventRounds "13"]
[EventCountry "SRI"]
[SourceTitle "CB15_2024"]
[SourceDate "2024.04.10"]
[SourceVersion "1"]
[SourceVersionDate "2024.04.10"]
[SourceQuality "1"]

1. e4 c5 2. Nf3 a6 3. d4 cxd4 4. Nxd4 Nf6 5. Nc3 d6 6. Bc4 e6 7. a4 Be7 8. 0-0 Qc7 9. Bb3 0-0 10. Be3 Nc6 11. f3 Nxd4 12. Qxd4 Bd7 13. a5 e5 14. Qd2 0-1

[Event "Western Asia-ch U20 Girls"]
[Site "Colombo"]
[Date "2023.12.04"]
[Round "8"]
[White "Shohradova, Lala"]
[Black "Pallie, Ehsha Mishela"]
[Result "1-0"]
[WhiteElo "1846"]
[BlackElo "1569"]
[PlyCount "111"]
[EventDate "2023.11.30"]
[EventType "swiss"]
[EventRounds "9"]
[EventCountry "SRI"]
[SourceTitle "CB50_2023"]
[SourceDate "2023.12.13"]
[SourceVersion "1"]
[SourceVersionDate "2023.12.13"]
[SourceQuality "1"]

1. d4 Nf6 2. c4 e6 3. Nf3 d5 4. g3 Be7 5. Bg2 0-0 6. 0-0 Nbd7 7. Nbd2 b6 8. b3 Bb7 9. Bb2 Ne4 10. Rc1 a5 11. Qc2 Rc8 12. cxd5 Nxd2 13. Qxd2 exd5 14. Ne5 Nxe5 15. dxe5 Bb4 16. Qc2 c6 17. e4 Qe7 18. exd5 cxd5 19. Qd3 Rxc1 20. Rxc1 Rd8 21. Bd4 Bc5 22. Bxc5 bxc5 23. Qb5 Rc8 24. Qxa5 h6 25. Qb5 Ba8 26. Bh3 Rd8 27. Qxc5 Qxe5 28. Bg2 Qb2 29. Qc2 Qa3 30. Rd1 d4 31. Bxa8 Qxa8 32. a4 Qd5 33. Rd3 Re8 34. Qd1 Qa5 35. Kg2 Re1 36. Qf3 Qc5 37. Rd2 Rc1 38. Qe4 Rc3 39. Rxd4 g6 40. Rc4 Rxc4 41. Qxc4 Qe5 42. b4 g5 43. a5 h5 44. a6 Qb8 45. b5 Qa8+ 46. Qc6 Qa7 47. Qb7 Qxb7+ 48. axb7 Kg7 49. b8Q Kh7 50. b6 Kg7 51. b7 Kh7 52. Qf8 Kg6 53. b8Q Kf6 54. Qbd6+ Kf5 55. Qxf7+ Ke4 56. Qf3# 1-0

[Event "SRI-ch (Women)"]
[Site "Colombo"]
[Date "2023.04.02"]
[Round "10"]
[White "Pallie, Ehsha Mishela"]
[Black "Newansa, M Esandi"]
[Result "1-0"]
[WhiteElo "1527"]
[BlackElo "1576"]
[PlyCount "91"]
[EventDate "2023.03.25"]
[EventType "tourn"]
[EventRounds "13"]
[EventCountry "SRI"]
[SourceTitle "CBM 213 Extra"]
[Source "ChessBase"]
[SourceDate "2023.05.31"]
[SourceVersion "1"]
[SourceVersionDate "2023.05.31"]
[SourceQuality "1"]

1. e4 c6 2. d4 d5 3. e5 Bf5 4. Nf3 e6 5. Be2 Ne7 6. 0-0 c5 7. c3 Nec6 8. Be3 Nd7 9. Bd3 Bg4 10. Nbd2 Qb6 11. Qc1 cxd4 12. cxd4 Nb4 13. Bb1 Be7 14. Qc3 0-0 15. Bg5 Bxg5 16. Nxg5 h6 17. Qg3 Qxd4 18. Nb3 Qxe5 19. Qxg4 hxg5 20. Qxb4 Qxb2 21. Qxb7 Rfd8 22. Qa6 Ne5 23. Re1 Nc4 24. Bd3 Nb6 25. Rab1 Qf6 26. Rec1 Qe7 27. Nd4 Rdc8 28. Nc6 Qd7 29. Rxb6 Rc7 30. Rb2 Rac8 31. Rbc2 f6 32. Ne7+ Qxe7 33. Qxc8+ Rxc8 34. Rxc8+ Kf7 35. R1c7 Qxc7 36. Rxc7+ Ke8 37. Rxa7 e5 38. a4 e4 39. Bb5+ Kd8 40. a5 d4 41. Rd7+ Kc8 42. Rxd4 Kb8 43. Rd7 Ka8 44. a6 Kb8 45. a7+ Ka8 46. Bc6# 1-0

[Event "SRI-chB (Women)"]
[Site "Colombo"]
[Date "2023.03.12"]
[Round "11"]
[White "Pallie, Ehsha Mishela"]
[Black "Abeysinghe, HMH Janandani"]
[Result "1-0"]
[WhiteElo "1527"]
[BlackElo "1428"]
[PlyCount "135"]
[EventDate "2023.03.04"]
[EventType "swiss"]
[EventRounds "11"]
[EventCountry "SRI"]
[SourceTitle "CBM 213 Extra"]
[Source "ChessBase"]
[SourceDate "2023.05.31"]
[SourceVersion "1"]
[SourceVersionDate "2023.05.31"]
[SourceQuality "1"]

1. e4 c5 2. Nf3 d6 3. d4 cxd4 4. Nxd4 Nf6 5. Nc3 g6 6. Be3 Bg7 7. f3 a6 8. Bc4 Nbd7 9. Qd2 h5 10. 0-0-0 b5 11. Bb3 Bb7 12. Bg5 Nc5 13. Bd5 Nxd5 14. Nxd5 Bxd5 15. exd5 Bxd4 16. Qxd4 f6 17. Rhe1 Kf7 18. Bf4 Rc8 19. Kb1 Qc7 20. Re2 Rhe8 21. g4 hxg4 22. fxg4 Nd7 23. h4 Qc5 24. Qe4 Ne5 25. h5 Rg8 26. hxg6+ Rxg6 27. Qf5 Kg7 28. Rh2 Nxg4 29. Rg2 Ne5 30. Rxg6+ Nxg6 31. Be3 Qxe3 32. Qxc8 Qf3 33. Rg1 Qxd5 34. Qxa6 f5 35. Qa5 f4 36. Qc3+ e5 37. Qc7+ Kh6 38. Qd7 e4 39. Rh1+ Kg5 40. Qd8+ Kg4 41. Rg1+ Kh5 42. Qd7 Kh6 43. Qg4 Qh5 44. Qg2 Qf5 45. Rh1+ Kg7 46. Qd2 d5 47. Qd4+ Qe5 48. Qa7+ Qe7 49. Qb6 e3 50. Rg1 Qf6 51. Qxb5 d4 52. Qd7+ Kh6 53. Rh1+ Kg5 54. Qd5+ Qe5 55. Qd8+ Ne7 56. Qe8 Kg4 57. Rg1+ Kf3 58. Qa8+ Nd5 59. Qg8 Ke4 60. Rg5 Qd6 61. Qh7+ Kf3 62. Qh1+ Kf2 63. Rg2+ Kf3 64. Rg6+ Kf2 65. Qg2+ Ke1 66. Rxd6 e2 67. Qg1+ Kd2 68. Qc1# 1-0

[Event "Colombo Golden Jubilee op"]
[Site "Colombo"]
[Date "2022.11.27"]
[Round "9"]
[White "Pallie, Ehsha Mishela"]
[Black "Wiratunga, Jenith"]
[Result "1-0"]
[WhiteElo "1559"]
[BlackElo "1849"]
[PlyCount "95"]
[EventDate "2022.11.23"]
[EventType "swiss"]
[EventRounds "9"]
[EventCountry "SRI"]
[SourceTitle "CBM 211 Extra"]
[Source "ChessBase"]
[SourceDate "2023.01.31"]
[SourceVersion "1"]
[SourceVersionDate "2023.01.31"]
[SourceQuality "1"]

1. e4 c6 2. d4 d5 3. exd5 cxd5 4. c4 Nf6 5. Nc3 Nc6 6. Bg5 Be6 7. a3 Qd7 8. Be2 Rd8 9. Bf3 Na5 10. Bxf6 exf6 11. cxd5 Bf5 12. Be2 a6 13. Rc1 b5 14. g4 Bg6 15. f4 f5 16. Nf3 f6 17. Nh4 b4 18. axb4 Bxb4 19. 0-0 0-0 20. Nxf5 Bxf5 21. gxf5 Qxf5 22. Bg4 Qg6 23. Kh1 f5 24. Bf3 Qd6 25. Ne2 Rc8 26. Qd3 g6 27. Bg2 Qb6 28. Nc3 Bxc3 29. bxc3 Nc4 30. Rb1 Qd6 31. Rf2 Rf7 32. Re1 Re7 33. Rxe7 Qxe7 34. Re2 Qd6 35. Qf3 Rb8 36. h3 a5 37. Re6 Qd7 38. Qe2 Nd6 39. Qe5 a4 40. Qxd6 Qxd6 41. Rxd6 Rb1+ 42. Kh2 a3 43. Ra6 Ra1 44. d6 Kf7 45. Bd5+ Ke8 46. Bc6+ Kf7 47. d7 Ke7 48. Ra8 1-0

[Event "Colombo Golden Jubilee op"]
[Site "Colombo"]
[Date "2022.11.26"]
[Round "6"]
[White "Francis, UM Senal Vishmin"]
[Black "Pallie, Ehsha Mishela"]
[Result "1/2-1/2"]
[WhiteElo "1212"]
[BlackElo "1559"]
[PlyCount "101"]
[EventDate "2022.11.23"]
[EventType "swiss"]
[EventRounds "9"]
[EventCountry "SRI"]
[SourceTitle "CBM 211 Extra"]
[Source "ChessBase"]
[SourceDate "2023.01.31"]
[SourceVersion "1"]
[SourceVersionDate "2023.01.31"]
[SourceQuality "1"]

1. e4 c5 2. Nf3 d6 3. d4 cxd4 4. Nxd4 Nf6 5. Nc3 a6 6. f4 e6 7. Qf3 Be7 8. g4 Qb6 9. Nb3 Nc6 10. Be3 Qc7 11. g5 Nd7 12. a4 b6 13. h4 Bb7 14. Bg2 Nb4 15. Rc1 Nc5 16. 0-0 0-0-0 17. Qf2 Kb8 18. Rfd1 h6 19. a5 b5 20. e5 Nd7 21. Bb6 Nxb6 22. axb6 Qc8 23. Bxb7 Qxb7 24. Na5 Qc8 25. exd6 Bxd6 26. Ne4 Be7 27. c4 Rxd1+ 28. Rxd1 Nc6 29. Nxc6+ Qxc6 30. Qe3 bxc4 31. Rc1 Qb5 32. Rc2 hxg5 33. fxg5 Kb7 34. Qg3 Qxb6+ 35. Kg2 Qc6 36. Qf3 Rxh4 37. Rxc4 Qd5 38. Nc5+ Bxc5 39. Rxh4 Qxf3+ 40. Kxf3 f5 41. g6 Kc6 42. Ra4 Kb5 43. b3 Bb4 44. Kf4 Bd6+ 45. Kg5 Be5 46. Rc4 Bf6+ 47. Kf4 a5 48. Ra4 Kb6 49. Rc4 Bb2 50. Rc8 Kb5 51. Rc4 1/2-1/2

[Event "Colombo Golden Jubilee op"]
[Site "Colombo"]
[Date "2022.11.25"]
[Round "5"]
[White "Pallie, Ehsha Mishela"]
[Black "Amer, Karim"]
[Result "0-1"]
[WhiteElo "1559"]
[BlackElo "2171"]
[PlyCount "110"]
[EventDate "2022.11.23"]
[EventType "swiss"]
[EventRounds "9"]
[EventCountry "SRI"]
[SourceTitle "CBM 211 Extra"]
[Source "ChessBase"]
[SourceDate "2023.01.31"]
[SourceVersion "1"]
[SourceVersionDate "2023.01.31"]
[SourceQuality "1"]

1. e4 c5 2. Nf3 a6 3. d4 cxd4 4. Nxd4 e5 5. Nb3 Nf6 6. Nc3 Bb4 7. Bd2 0-0 8. Bd3 d6 9. 0-0 Nbd7 10. a3 Bxc3 11. Bxc3 Qc7 12. Qd2 Nc5 13. Nxc5 dxc5 14. Qg5 Re8 15. f4 c4 16. fxe5 Qc5+ 17. Kh1 cxd3 18. Rxf6 Qe7 19. Raf1 Be6 20. Qg3 dxc2 21. R6f2 Rad8 22. Rxc2 Rd7 23. Rcf2 Red8 24. Ba5 Rc8 25. Bb4 Qe8 26. h4 Rc4 27. h5 Rxe4 28. Rf4 Rxf4 29. Qxf4 h6 30. Bd6 Bd5 31. Kh2 Rd8 32. g4 Rc8 33. Rf2 Rc4 34. Qg3 Qc8 35. Kh3 Rxg4 36. Qxg4 Be6 37. Qxe6 Qxe6+ 38. Kg3 Qd5 39. Re2 Qd3+ 40. Kf2 Qf5+ 41. Ke1 Qxh5 42. Rc2 Qh1+ 43. Kd2 h5 44. Rc8+ Kh7 45. Rc7 h4 46. Kc3 Qf3+ 47. Kb4 h3 48. e6 Qe4+ 49. Kc5 Qf5+ 50. Kb4 Qxe6 51. Bh2 Qb6+ 52. Kc3 Qe3+ 53. Kb4 Qd2+ 54. Ka4 Qxb2 55. Bd6 Qb5# 0-1

[Event "SRI-chB (Women)"]
[Site "Mount Lavinia"]
[Date "2022.03.20"]
[Round "9"]
[White "Pallie, Ehsha Mishela"]
[Black "Sanudula, KM Dahamdi"]
[Result "0-1"]
[WhiteElo "1455"]
[BlackElo "1768"]
[PlyCount "88"]
[EventDate "2022.03.16"]
[EventType "swiss"]
[EventRounds "10"]
[EventCountry "SRI"]
[SourceTitle "EXT 2023"]
[Source "ChessBase"]
[SourceDate "2022.10.05"]
[SourceVersion "1"]
[SourceVersionDate "2022.10.05"]
[SourceQuality "1"]

1. e4 d5 2. exd5 Qxd5 3. Nc3 Qa5 4. d4 Nf6 5. Nf3 Bg4 6. h3 Bh5 7. g4 Bg6 8. Ne5 Nbd7 9. Nc4 Qa6 10. Bf4 Qe6+ 11. Ne3 Qb6 12. g5 Bh5 13. Be2 Qxb2 14. Nb5 Bxe2 15. Nxc7+ Kd8 16. Kxe2 Nh5 17. Nxa8 Nxf4+ 18. Kf3 Ne6 19. d5 Nxg5+ 20. Kg2 Qe5 21. Qg4 Ne4 22. Rab1 h5 23. Qf3 Ng5 24. Qe2 Nc5 25. Rb5 e6 26. dxe6 Ngxe6 27. Rd1+ Kc8 28. Rd5 Nf4+ 29. Kf1 Nxd5 30. Nxd5 Qxd5 31. Qe8+ Qd8 32. Qxf7 Kb8 33. Nc7 Qxc7 34. Qe8+ Qc8 35. Qe5+ Ka8 36. Kg2 Qc6+ 37. Kh2 Bd6 38. Qxd6 Qxd6+ 39. Kg1 Re8 40. Rb1 Qf4 41. Kg2 Re2 42. Kh1 Qf3+ 43. Kg1 Qxf2+ 44. Kh1 Qg2# 0-1

[Event "SRI-ch (Women)"]
[Site "Nugegoda"]
[Date "2021.12.24"]
[Round "1"]
[White "Abeysinghe, HMH Janandani"]
[Black "Pallie, Ehsha Mishela"]
[Result "1-0"]
[WhiteElo "1486"]
[BlackElo "1533"]
[PlyCount "115"]
[EventDate "2021.12.24"]
[EventType "tourn"]
[EventRounds "13"]
[EventCountry "SRI"]
[SourceTitle "CBM 205 Extra"]
[Source "ChessBase"]
[SourceDate "2022.01.31"]
[SourceVersion "1"]
[SourceVersionDate "2022.01.31"]
[SourceQuality "1"]

1. e4 c5 2. b3 Nc6 3. Bb2 e6 4. Nf3 a6 5. d3 Nf6 6. Nbd2 d5 7. g3 Be7 8. Bg2 0-0 9. 0-0 Qc7 10. e5 Nd7 11. Re1 f6 12. exf6 Bxf6 13. Bxf6 Nxf6 14. c4 Bd7 15. Nf1 Rad8 16. Rc1 d4 17. Qe2 Rde8 18. Ne5 Nxe5 19. Qxe5 Qb6 20. h3 Bc8 21. Nh2 Nd7 22. Qh5 e5 23. Ng4 Nf6 24. Nxf6+ Qxf6 25. f4 g6 26. Qe2 exf4 27. Qxe8 Rxe8 28. Rxe8+ Kg7 29. Rxc8 Qe5 30. Be4 fxg3 31. Rf1 Qh5 32. Rc7+ Kh6 33. Rff7 Qe2 34. Rxh7+ Kg5 35. Rcf7 Qe1+ 36. Kg2 Qe2+ 37. Kxg3 Qe3+ 38. Kg2 Qe2+ 39. Rf2 Qe3 40. h4+ Kg4 41. Bf3+ Kf5 42. Rf7+ Ke6 43. Bd5+ Ke5 44. Re7+ Kd6 45. Rxe3 dxe3 46. Rf6+ Ke5 47. Rxg6 Kd4 48. Be4 Kc3 49. Kf1 Kd2 50. Rg2+ Kd1 51. h5 e2+ 52. Rxe2 b5 53. cxb5 axb5 54. h6 c4 55. h7 c3 56. h8Q c2 57. Qc3 c1Q 58. Qe1# 1-0

[Event "Nugegoda SRI GP (Women) 2nd"]
[Site "Nugegoda"]
[Date "2021.02.21"]
[Round "11"]
[White "Pallie, Ehsha Mishela"]
[Black "Sanudula, KM Dahamdi"]
[Result "1/2-1/2"]
[WhiteElo "1612"]
[BlackElo "1593"]
[PlyCount "39"]
[EventDate "2021.02.13"]
[EventType "tourn"]
[EventRounds "11"]
[EventCountry "SRI"]
[SourceTitle "EXT 2022"]
[Source "ChessBase"]
[SourceDate "2021.10.06"]
[SourceVersion "1"]
[SourceVersionDate "2021.10.06"]
[SourceQuality "1"]

1. e4 d5 2. exd5 Qxd5 3. Nc3 Qa5 4. d4 Nf6 5. Nf3 Bg4 6. h3 Bxf3 7. Qxf3 c6 8. Bc4 e6 9. 0-0 Bd6 10. Bd3 Nbd7 11. Be3 0-0 12. Ne4 Nxe4 13. Qxe4 Nf6 14. Qh4 Qh5 15. Qxh5 Nxh5 16. Be2 Nf6 17. Bf3 a6 18. Bg5 Be7 19. Bxf6 Bxf6 20. c3 1/2-1/2

[Event "Nugegoda SRI GP (Women) 2nd"]
[Site "Nugegoda"]
[Date "2021.02.20"]
[Round "8"]
[White "Abeywardana, NT."]
[Black "Pallie, Ehsha Mishela"]
[Result "0-1"]
[WhiteElo "1655"]
[BlackElo "1612"]
[PlyCount "58"]
[EventDate "2021.02.13"]
[EventType "tourn"]
[EventRounds "11"]
[EventCountry "SRI"]
[SourceTitle "EXT 2022"]
[Source "ChessBase"]
[SourceDate "2021.10.06"]
[SourceVersion "1"]
[SourceVersionDate "2021.10.06"]
[SourceQuality "1"]

1. d4 Nf6 2. c4 g6 3. Nc3 Bg7 4. e4 d6 5. f3 0-0 6. Be3 e5 7. d5 Nh5 8. g4 Nf4 9. Qd2 f5 10. gxf5 gxf5 11. 0-0-0 Qf6 12. Nge2 Ng6 13. Bg5 Qf7 14. h4 f4 15. h5 Ne7 16. Bh3 Bxh3 17. Rxh3 h6 18. Bh4 Nc8 19. Rg1 Kh7 20. Rg6 a6 21. Qe1 b5 22. Qg1 Nb6 23. Rh2 Nxc4 24. Rhg2 Bh8 25. Bg5 hxg5 26. Rg3 g4 27. R3xg4 Nd7 28. R4g5 Rg8 29. h6 Rxg6 0-1

[Event "Nugegoda SRI GP (Women) 2nd"]
[Site "Nugegoda"]
[Date "2021.02.15"]
[Round "6"]
[White "Wijesuriya, GPY"]
[Black "Pallie, Ehsha Mishela"]
[Result "1-0"]
[WhiteElo "1606"]
[BlackElo "1612"]
[PlyCount "101"]
[EventDate "2021.02.13"]
[EventType "tourn"]
[EventRounds "11"]
[EventCountry "SRI"]
[SourceTitle "EXT 2022"]
[Source "ChessBase"]
[SourceDate "2021.10.06"]
[SourceVersion "1"]
[SourceVersionDate "2021.10.06"]
[SourceQuality "1"]

1. e4 c5 2. Nc3 Nc6 3. f4 e6 4. Nf3 d5 5. Bb5 Nge7 6. exd5 exd5 7. Qe2 f6 8. b3 Kf7 9. 0-0 h5 10. Ba3 Nf5 11. Rae1 a6 12. Bd3 b5 13. Nxd5 Nfd4 14. Nxd4 Nxd4 15. Qe3 Bb7 16. Nc3 Bd6 17. Ne4 Re8 18. Nxd6+ Qxd6 19. Qg3 Kf8 20. c3 Nc6 21. Bg6 Rxe1 22. Rxe1 b4 23. Bc1 Qd5 24. Qe3 Ne5 25. Be4 Qxe4 26. Qxc5+ Kg8 27. Rxe4 Bxe4 28. fxe5 bxc3 29. Qc4+ Kh8 30. Qxe4 Re8 31. dxc3 Rxe5 32. Qxe5 fxe5 33. Kf2 Kg8 34. Ke3 Kf7 35. Ke4 Ke6 36. c4 g6 37. Bb2 Kd6 38. b4 Kc6 39. Bxe5 g5 40. a4 Kb6 41. b5 axb5 42. cxb5 Ka5 43. Bd4 Kxa4 44. b6 Kb5 45. b7 Kc6 46. b8Q Kd7 47. Kd5 Ke7 48. Qd6+ Kf7 49. Qf6+ Ke8 50. Ke6 g4 51. Qe7# 1-0

[Event "SRI-ch (Women)"]
[Site "Colombo"]
[Date "2020.09.21"]
[Round "12"]
[White "Pallie, Ehsha Mishela"]
[Black "Abeysinghe, HMH Janandani"]
[Result "1-0"]
[WhiteElo "1491"]
[BlackElo "1519"]
[PlyCount "97"]
[EventDate "2020.09.11"]
[EventType "tourn"]
[EventRounds "13"]
[EventCountry "SRI"]
[SourceTitle "CBM 198 Extra"]
[Source "ChessBase"]
[SourceDate "2020.11.30"]
[SourceVersion "1"]
[SourceVersionDate "2020.11.30"]
[SourceQuality "1"]

1. e4 c5 2. Nf3 d6 3. d4 cxd4 4. Nxd4 Nf6 5. Nc3 g6 6. Be3 Bg7 7. f3 Nc6 8. Qd2 h5 9. Bc4 Bd7 10. h4 Na5 11. Be2 Rc8 12. 0-0-0 Nc4 13. Bxc4 Rxc4 14. Kb1 a6 15. Nb3 b5 16. Qd3 0-0 17. Ne2 a5 18. Qd2 a4 19. Nbc1 Qc7 20. Nd3 Rc8 21. Rc1 b4 22. b3 Nxe4 23. fxe4 Bc3 24. Nxc3 bxc3 25. Qf2 axb3 26. cxb3 c2+ 27. Kb2 Rc3 28. Nb4 Rxb3+ 29. axb3 Qc3+ 30. Ka3 Rb8 31. Bb6 Be6 32. Nd5 Bxd5 33. exd5 Rc8 34. Rxc2 Ra8+ 35. Ba7 Qa5+ 36. Kb2 Rxa7 37. Rc8+ Kg7 38. Qd4+ f6 39. Qa4 Qd2+ 40. Rc2 Qe3 41. Qc4 Qe5+ 42. Rc3 Ra5 43. Rd1 Ra7 44. Qd3 Qf4 45. Qe3 Qg4 46. Qxa7 Qxd1 47. Qxe7+ Kh6 48. Qf8+ Kh7 49. Rc7# 1-0

[Event "SRI-ch (Women)"]
[Site "Colombo"]
[Date "2020.09.14"]
[Round "7"]
[White "Pallie, Ehsha Mishela"]
[Black "Pavalachandran, Ashvini"]
[Result "0-1"]
[WhiteElo "1491"]
[BlackElo "1614"]
[PlyCount "108"]
[EventDate "2020.09.11"]
[EventType "tourn"]
[EventRounds "13"]
[EventCountry "SRI"]
[SourceTitle "CBM 198 Extra"]
[Source "ChessBase"]
[SourceDate "2020.11.30"]
[SourceVersion "1"]
[SourceVersionDate "2020.11.30"]
[SourceQuality "1"]

1. e4 c5 2. Nf3 g6 3. d4 cxd4 4. Nxd4 Bg7 5. Nc3 Nc6 6. Be3 Nf6 7. Bc4 Qa5 8. 0-0 0-0 9. Nb3 Qc7 10. Bg5 Nb4 11. Be2 h6 12. Be3 Nc6 13. f4 d6 14. Nd5 Qd8 15. Nxf6+ Bxf6 16. f5 g5 17. h4 e6 18. hxg5 Bxg5 19. Bxg5 Qxg5 20. Qxd6 Qe3+ 21. Rf2 exf5 22. Bc4 Kg7 23. exf5 Bxf5 24. Kf1 Rad8 25. Qh2 Bg6 26. Re1 Qg5 27. Kg1 Rde8 28. Rxe8 Rxe8 29. Bf1 Re1 30. Nd2 Qe3 31. Nf3 Rc1 32. c3 Rc2 33. Qh4 Rxb2 34. Nd4 Ne5 35. Qf6+ Kh7 36. a4 Ng4 37. Qf4 Qxf2+ 38. Qxf2 Nxf2 39. Be2 Ne4 40. Bd3 Nxc3 41. Bxg6+ fxg6 42. Kf1 Nxa4 43. g4 Nc3 44. Ke1 a5 45. Nf3 a4 46. Nd2 a3 47. Kf2 Rxd2+ 48. Ke3 Nb1 49. Ke4 a2 50. g5 a1Q 51. gxh6 Qd4+ 52. Kf3 Rf2+ 53. Kg3 Qf4+ 54. Kh3 Rh2# 0-1

[Event "SRI-ch (Women)"]
[Site "Colombo"]
[Date "2020.09.13"]
[Round "4"]
[White "Koswatte, CT."]
[Black "Pallie, Ehsha Mishela"]
[Result "0-1"]
[WhiteElo "1738"]
[BlackElo "1491"]
[PlyCount "146"]
[EventDate "2020.09.11"]
[EventType "tourn"]
[EventRounds "13"]
[EventCountry "SRI"]
[SourceTitle "CBM 198 Extra"]
[Source "ChessBase"]
[SourceDate "2020.11.30"]
[SourceVersion "1"]
[SourceVersionDate "2020.11.30"]
[SourceQuality "1"]

1. d4 Nf6 2. c4 e6 3. Nf3 Bb4+ 4. Bd2 a5 5. a3 Be7 6. Nc3 d5 7. e3 0-0 8. Bd3 c5 9. cxd5 exd5 10. h3 Re8 11. 0-0 c4 12. Bc2 Nc6 13. b3 cxb3 14. Bxb3 Bf5 15. Qe2 Na7 16. Ne5 Bd6 17. f4 Nc6 18. g4 Be6 19. Bc2 g6 20. Qf3 Be7 21. Be1 Rf8 22. Kh2 Qd6 23. Rg1 Ne8 24. Bg3 Nxe5 25. dxe5 Qc5 26. Be1 f6 27. exf6 Bxf6 28. e4 Bxc3 29. Bxc3 d4 30. Bxd4 Qxd4 31. Rad1 Qf6 32. f5 Qe5+ 33. Kh1 Rc8 34. Qe2 Bc4 35. Qd2 Nf6 36. Rge1 Rf7 37. Re3 Rd7 38. Qe1 Rxd1 39. Qxd1 Re8 40. fxg6 hxg6 41. Bb3 Qe6 42. Ba4 b5 43. Bc2 Qe5 44. Kg2 Nd5 45. Rf3 Nf4+ 46. Kf2 Qc5+ 47. Kg3 Ne6 48. Qd7 Re7 49. Qd2 Qg1+ 50. Qg2 Qxg2+ 51. Kxg2 Nd4 52. Rf2 Nxc2 53. Rxc2 Rxe4 54. Kf3 Rd4 55. a4 Bd5+ 56. Ke3 Rxa4 57. Rc8+ Kf7 58. Rc5 Bc4 59. h4 Ra1 60. h5 gxh5 61. Rxh5 Rf1 62. Kd2 Kg6 63. Kc3 Rg1 64. Rc5 Rxg4 65. Rc6+ Kf5 66. Rc8 Rg3+ 67. Kb2 Ke5 68. Ra8 a4 69. Rd8 Rd3 70. Re8+ Kd4 71. Rd8+ Kc5 72. Rc8+ Kb4 73. Ra8 a3+ 0-1

[Event "SRI-ch (Women)"]
[Site "Colombo"]
[Date "2020.09.12"]
[Round "2"]
[White "Mapa, MMWH"]
[Black "Pallie, Ehsha Mishela"]
[Result "0-1"]
[WhiteElo "1563"]
[BlackElo "1491"]
[PlyCount "112"]
[EventDate "2020.09.11"]
[EventType "tourn"]
[EventRounds "13"]
[EventCountry "SRI"]
[SourceTitle "CBM 198 Extra"]
[Source "ChessBase"]
[SourceDate "2020.11.30"]
[SourceVersion "1"]
[SourceVersionDate "2020.11.30"]
[SourceQuality "1"]

1. e4 c5 2. Nf3 d6 3. d4 cxd4 4. Nxd4 Nf6 5. Nc3 a6 6. Bg5 e6 7. f4 Be7 8. Qf3 Qc7 9. 0-0-0 0-0 10. g4 b5 11. Bxf6 Bxf6 12. g5 Bxd4 13. Rxd4 Nc6 14. Rd2 b4 15. Nd1 Bb7 16. Rg1 e5 17. fxe5 dxe5 18. Kb1 Nd4 19. Qf2 Bxe4 20. Bd3 Bxd3 21. Rxd3 Ne6 22. Rgg3 Nf4 23. Rde3 Qd6 24. Re1 Rad8 25. Ne3 Rfe8 26. Qf1 Qd2 27. h3 Qd6 28. Nc4 Qd4 29. Rge3 Ng6 30. Rd3 Qc5 31. Red1 Rxd3 32. Qxd3 e4 33. Qf1 Qe7 34. Ne3 Qxg5 35. Re1 a5 36. b3 h6 37. Qg1 Qh4 38. Qh1 Qf2 39. Qf1 Qxf1 40. Rxf1 Ne5 41. Kc1 Nf3 42. Rf2 g6 43. Kd1 f5 44. Rg2 Kf7 45. Nc4 Kf6 46. Ke2 f4 47. Rg4 g5 48. Nb6 Nd4+ 49. Kf2 e3+ 50. Kg2 e2 51. Nd5+ Kg7 52. Nxf4 e1Q 53. Nh5+ Kf7 54. Ng3 Qd2+ 55. Kg1 Nf3+ 56. Kh1 Qh2# 0-1

[Event "SRI-ch (Women)"]
[Site "Colombo"]
[Date "2020.09.11"]
[Round "1"]
[White "Pallie, Ehsha Mishela"]
[Black "Hewawasam, HY Nevanjee Dimanya"]
[Result "1-0"]
[WhiteElo "1491"]
[BlackElo "1574"]
[PlyCount "87"]
[EventDate "2020.09.11"]
[EventType "tourn"]
[EventRounds "13"]
[EventCountry "SRI"]
[SourceTitle "CBM 198 Extra"]
[Source "ChessBase"]
[SourceDate "2020.11.30"]
[SourceVersion "1"]
[SourceVersionDate "2020.11.30"]
[SourceQuality "1"]

1. e4 c5 2. Nf3 Nc6 3. d4 cxd4 4. Nxd4 Nf6 5. Nc3 e5 6. Ndb5 d6 7. Bg5 a6 8. Na3 b5 9. Nd5 Be7 10. Bxf6 Bxf6 11. c4 b4 12. Nc2 a5 13. g3 0-0 14. h4 g6 15. Bh3 Bxh3 16. Rxh3 Bg7 17. Kf1 a4 18. b3 axb3 19. axb3 Qc8 20. Kg2 Qb7 21. h5 Rxa1 22. Qxa1 Ra8 23. Qe1 Na5 24. Qe3 Nc6 25. Qg5 h6 26. Qg4 g5 27. Nce3 Nd4 28. Nf5 Nxf5 29. Qxf5 Kf8 30. g4 Ke8 31. Rf3 Ra7 32. Qh7 Kf8 33. Nf6 Bxf6 34. Rxf6 Qd7 35. Qxh6+ Ke7 36. Qxg5 Qxg4+ 37. Qxg4 Kxf6 38. h6 Ra8 39. Qg7+ Ke7 40. h7 d5 41. Qxe5+ Kd7 42. Qxd5+ Ke7 43. Qxa8 f5 44. h8Q 1-0

[Event "Western Asia-ch U12 Girls"]
[Site "Delhi"]
[Date "2019.09.09"]
[Round "8"]
[White "Pallie, Ehsha Mishela"]
[Black "Kheerthi, Ganta"]
[Result "0-1"]
[WhiteElo "1444"]
[BlackElo "1490"]
[PlyCount "166"]
[EventDate "2019.09.06"]
[EventType "swiss"]
[EventRounds "9"]
[EventCountry "IND"]
[SourceTitle "CBM 192 Extra"]
[Source "Chessbase"]
[SourceDate "2019.11.06"]
[SourceVersion "1"]
[SourceVersionDate "2019.11.06"]
[SourceQuality "1"]

1. e4 c6 2. d4 d5 3. e5 Bf5 4. Nf3 e6 5. Be2 c5 6. 0-0 Nc6 7. c3 Qb6 8. Na3 cxd4 9. cxd4 Be4 10. Be3 Bxf3 11. gxf3 Nge7 12. Rb1 Nf5 13. Nc2 a6 14. Bd3 g6 15. Kh1 Nfe7 16. b4 Bg7 17. b5 axb5 18. Rxb5 Qa7 19. Qb1 Qxa2 20. Rxb7 0-0 21. Qb6 Qa5 22. Qxa5 Rxa5 23. Rfb1 Rfa8 24. Bg5 Nf5 25. Be3 R5a7 26. R7b6 Rc7 27. Rg1 Nce7 28. Rgb1 Rac8 29. Ne1 Bh6 30. f4 Bf8 31. Rb7 Rc6 32. Bb5 Rc3 33. Bd3 Nxe3 34. fxe3 Nf5 35. Bxf5 gxf5 36. Ra7 Rxe3 37. Ng2 Rec3 38. Kg1 Rc1+ 39. Rxc1 Rxc1+ 40. Kf2 Rc2+ 41. Kf3 Rc4 42. Ke3 Rc3+ 43. Kf2 Bb4 44. Rb7 Ba3 45. Ra7 Bb2 46. Ra2 Rb3 47. Ra4 Rd3 48. Ne1 Bxd4+ 49. Kf1 Rd2 50. Nf3 Rf2+ 51. Ke1 Rxf3 52. Rxd4 Kg7 53. Kd1 Rf2 54. h3 Rf3 55. h4 Rh3 56. h5 Rxh5 57. Ke2 Rh2+ 58. Kf3 Rh3+ 59. Ke2 Rg3 60. Kf2 Rg4 61. Kf3 h5 62. Rd2 f6 63. exf6+ Kxf6 64. Rh2 h4 65. Rh1 e5 66. fxe5+ Kxe5 67. Re1+ Re4 68. Rh1 Rf4+ 69. Kg2 d4 70. Rd1 Re4 71. Rh1 d3 72. Rd1 Kd4 73. Kf3 h3 74. Kg3 Re3+ 75. Kh2 Rf3 76. Rd2 Ke3 77. Rd1 d2 78. Rxd2 Kxd2 79. Kh1 Ke2 80. Kh2 Kf2 81. Kh1 Kg3 82. Kg1 h2+ 83. Kh1 Rf1# 0-1